00623nam a2200157 i 4500001000700000003000700007005001700014008004100031100004200072245004000114260005500154300002200209490007600231800007200307852008600379188317SpMaBN20240521100454.0180807q1940 sp |||| | spa d1 aPalacio Valdés, Armando,d1853-193813aLa hermana San Sulpicio b: novela. aMadrid : bPueyo, c[ca. 1940] (fImp. Helénica) a334 p. ; c20 cm.1 aNueva edición de obras completas de Don Armando Palacio Valdés ;v3 aPalacio Valdés, Armando,d1853-1938.tObras. Nueva Edición ;v3 aES-MaACLjL-32222 gDonat. herederos de la bibl. de Mª del Pilar Costa Palacín